BIBLIOTECA Y CENTRO DE DOCUMENTACIÓN

Perú pre-incaico / (Registro nro. 21767)

Detalles MARC
000 -CABECERA
fixed length control field 00830nam a2200265Ia 4500
003 - IDENTIFICADOR DEL NÚMERO DE CONTROL
control field UNSA
005 - FECHA Y HORA DE LA ULTIMA TRANSACCIÓN
control field 20260514192021.0
008 - ELEMENTOS DE LONGITUD FIJA
fixed length control field 231107s9999||||pe |||||||||||||| ||spa||
040 ## - FUENTE DE CATALOGACIÓN
Idioma de la catalogación spa
Agencia que realiza la transcripción UNSA
Agencia que realiza la modificación AR-MoUNM
041 ## - CÓDIGO DEL IDIOMA
Código de idioma para texto, pista de sonido o título independiente spa
082 04 - NÚMERO DE CLASIFICACIÓN DECIMAL DEWEY (C.D.D.)
Número de la edición 24.11
Número de la Clasificación Decimal de Dewey (C.D.D.) 985.01
Número del ítem BUST 982
100 1# - ENTRADA PRINCIPAL - NOMBRE DE PERSONA
Nombre personal Busto Duthurburu, José Antonio del
9 (RLIN) 27864
245 10 - MENCIÓN DEL TÍTULO
Título Perú pre-incaico /
Mención de responsabiblidad José Antonio del Busto D.
260 ## - PUBLICACIÓN, DISTRIBICIÓN, ETC.
Lugar de publicación, distribución, etc. Lima :
Nombre del editor, distribuidor, etc. Universo,
Fecha de publicación, distribución, etc. [s.f.].
300 ## - DESCRIPCIÓN FÍSICA
Extensión 236 p. :
Otros detalles físicos il. ; gráf. ; mapas ;
Dimensiones [El subcampo es A para Materiales Mixtos] 22 cm.
650 #7 - ENTRADA SECUNDARIA DE MATERIA - TÉRMINO TEMÁTICO
Término temático o nombre geográfico como elemento de entrada HISTORIA
Fuente de la entrada o término unescot
9 (RLIN) 478
650 #7 - ENTRADA SECUNDARIA DE MATERIA - TÉRMINO TEMÁTICO
Término temático o nombre geográfico como elemento de entrada ARQUEOLOGIA
Fuente de la entrada o término unescot
9 (RLIN) 6596
650 #7 - ENTRADA SECUNDARIA DE MATERIA - TÉRMINO TEMÁTICO
Término temático o nombre geográfico como elemento de entrada AMERINDIO
Fuente de la entrada o término unescot
9 (RLIN) 4188
650 #7 - ENTRADA SECUNDARIA DE MATERIA - TÉRMINO TEMÁTICO
Término temático o nombre geográfico como elemento de entrada ARTE PRIMITIVO
Fuente de la entrada o término unescot
9 (RLIN) 22006
650 #7 - ENTRADA SECUNDARIA DE MATERIA - TÉRMINO TEMÁTICO
Término temático o nombre geográfico como elemento de entrada CULTURA
Fuente de la entrada o término unescot
9 (RLIN) 1719
650 #7 - ENTRADA SECUNDARIA DE MATERIA - TÉRMINO TEMÁTICO
Término temático o nombre geográfico como elemento de entrada ARTESANIA
Fuente de la entrada o término unescot
9 (RLIN) 4444
650 #7 - ENTRADA SECUNDARIA DE MATERIA - TÉRMINO TEMÁTICO
Término temático o nombre geográfico como elemento de entrada ARQUITECTURA
Fuente de la entrada o término unescot
9 (RLIN) 3268
651 #7 - ENTRADA SECUNDARIA DE MATERIA - NOMBRE GEOGRÁFICO
Nombre geográfico PERU
Fuente de la entrada o término unescot
9 (RLIN) 5036
942 ## - ADDED ENTRY ELEMENTS (KOHA)
Source of classification or shelving scheme Dewey Decimal Classification
Item type Libros
Existencias
Withdrawn status Lost status Source of classification or shelving scheme Damaged status Not for loan Home library Current library Date acquired Source of acquisition Inventory number Total Checkouts Full call number Barcode Date last seen Copy number Price effective from Koha item type
    Dewey Decimal Classification     Colección general Colección general 14/05/2026 Donación 28257   985.01 BUST 982 28257 14/05/2026 Ej. C 14/05/2026 En tránsito
Biblioteca UNM
Universidad Nacional de Moreno
Av. Bme. Mitre Nº 1891 (B1744OHC) Moreno
Provincia de Buenos Aires, República Argentina
(0237) 460-9300 (líneas rotativas)
(011) 2078-9170 (líneas rotativas)
biblioteca@unm.edu.ar
Universidad del Bicentenario Argentino